Blue lock-mistrzowie drużyn i światowa 5 - Statystyki

Ogólne statystyki
  • Ten quiz został rozwiązany 28 razy
  • Średni wynik to 5 z 9
Statystyki odpowiedzi
Kraj zawodnik % Poprawnych
Francja Noel Noa
95%
Francja Julian Loki
77%
Anglia Chris Prince
59%
Brazylia Lavinho
59%
Brazylia Dada Silva
55%
Anglia Adam Blake
50%
Malta/Włochy Marc Snuffy
50%
Hiszpania Leonardo Luna
41%
Argentyna Pablo Cavazos
41%
Nie znaleziono quizów pasujących do podanych kryteriów
Rozkład punktacji
Procent ludzi z każdym wynikiem
Percentyl według liczby udzielonych odpowiedzi
Twoja historia wyników
Nie rozwiązałeś tego quizu